00521cam a22001813a 450000100060000000300060000600500170001200800410002904000150007004200070008510000210009224500760011326000290018950600300021851600200024883000290026885600420029744068PGUSA20140828084013.0131029s2013||||xxu|||||s|||||000 | eng d aPGUSAbeng adc1 aMontoya, Gabriel10aLe Roman Comique du Chat Noirh[electronic resource] /cGabriel Montoya bProject Gutenberg,c2013 aPublic domain in the USA. aElectronic text 0aProject Gutenbergv4406840uhttp://www.gutenberg.org/ebooks/44068